trouvez les héros par leurs noms - Statistiques

Statistiques générales
  • Ce quiz a été pris 4 fois
  • Le résultat moyen est 11 sur 22
Statistiques - réponses
Hint Réponse % Correct
Jamison Fawkes chacal
100%
Lena Oxton Tracer
100%
Elizabeth Caledonia Ashe
67%
automate de siège des Laboratoires SST E54 Bastion
67%
Mako Rutledge chopper
67%
Akande Ogundimu Doomfist
67%
Hana Song D.va
67%
Amélie Lacroix Fatale
67%
Gabriel Reyes Faucheur
67%
Fareeha Amari pharah
67%
Siebren de Kuiper Sigma
67%
John Francis "Jack" Morrison Soldat 76
67%
Jean[...] Augustin Baptiste
33%
Odessa « Dez » Stone Reine des junkers
33%
Vivian Chase Sojourn
33%
Olivia Colomar Sombra
33%
Satya Vaswani Symmmetra
33%
Niran PruksaManne Vital
33%
Aleksandra Zarya
33%
Tekhartha Zenyatta
33%
[...] Quispe Ruiz illari
0%
Sloan Cameron Venture
0%
Aucun quiz correspondant
Distribution des résultats
% des personnes avec chaque résultat
Percentile par nombre de réponses
Votre historique - résultats
Vous n’avez pas pris ce quiz